Central Library OPAC University of Rajshahi

ভেজালের মোহজালে ইসলাম ও তাহার প্রতিকার / (Record no. 78239)

MARC details
000 -LEADER
fixed length control field 00723nam a2200217 a 4500
001 - CONTROL NUMBER
control field 78239
003 - CONTROL NUMBER IDENTIFIER
rucl marc code BD-RjUL
005 - DATE AND TIME OF LATEST TRANSACTION
control field 20211209083116.0
008 - FIXED-LENGTH DATA ELEMENTS--GENERAL INFORMATION
fixed length control field 210824s1990 bg ||||| |||| 00| 0 ben d
035 ## - SYSTEM CONTROL NUMBER
System control number (BD-RjUL)78465
040 ## - CATALOGING SOURCE
Original cataloging agency BD-RjUL
Language of cataloging ben
Transcribing agency BD-RjUL
041 ## - LANGUAGE CODE
Language code of text/sound track or separate title ben
082 ## - DEWEY DECIMAL CLASSIFICATION NUMBER
Edition number 23
Classification number 297
Author mark and year MOB 1990
100 ## - MAIN ENTRY--PERSONAL NAME
Personal name মোহাম্মদ, শিষ
9 (RLIN) 247155
245 1# - TITLE STATEMENT
Title ভেজালের মোহজালে ইসলাম ও তাহার প্রতিকার /
Statement of responsibility, etc. শিষ মোহাম্মদ
260 ## - PUBLICATION, DISTRIBUTION, ETC. (IMPRINT)
Place of publication, distribution, etc. রাজশাহী :
Date of publication, distribution, etc. ১৯৯০
300 ## - PHYSICAL DESCRIPTION
Pagination ১৩১ পৃ.;
Size ২১ সেমি.
650 ## - SUBJECT ADDED ENTRY--TOPICAL TERM
Topical term or geographic name as entry element ইসলাম
9 (RLIN) 247156
Topical term or geographic name as entry element Islam
9 (RLIN) 247157
942 ## - ADDED ENTRY ELEMENTS (KOHA)
Source of classification or shelving scheme Dewey Decimal Classification
Koha item type Books
Holdings
Lost status Source of classification or shelving scheme Damaged status Not for loan Collection code Permanent Location Current Location Shelving location Date acquired Total Checkouts Full call number Date last seen Copy number Koha item type
  Dewey Decimal Classification   Not For Loan Non-fiction Central Library, University of Rajshahi Central Library, University of Rajshahi   27/02/1994   B 297 MOB 1990 24/08/2021 C-1 Books
  Dewey Decimal Classification     Non-fiction Central Library, University of Rajshahi Central Library, University of Rajshahi General Stacks 27/02/1994   B 297 MOB 1990 25/05/2025 C-2 Books